=LDR 00000nam 2200000 4500 =001 INLIS000000000019980 =005 20130612115000 =008 ***********************************Ind** =035 ##$$0010-061300000019980 =041 ##$$a Ind =082 ##$$a 813 =090 ##$$a 813, Sid h =100 ##$$a Sidharta, M.S Nurma =245 ##$$a Hari esok masih panjang, MS Noerman Sidharta ; editor, A. Ariobimo Nusantara =260 ##$$a 2002 $b Jakarta =300 ##$$a 656 hlm, 21 cm =650 ##$$a Fiksi Dewasa Indonesia =850 ##$$a NBPNMAT =990 ##$$a 21400613/BPAP-NTB/20142014 =990 ##$$a 0001/BPAP-NTB/2015